[Event "Steyr Landesliga 1213"]
[Site "Austria"]
[Date "2013.03.16"]
[Round "8.4"]
[White "Steiner, Stefan"]
[Black "Polz, Wolfgang"]
[Result "1-0"]
[WhiteElo "2249"]
[BlackElo "2007"]
[PlyCount "72"]
[EventDate "2012.09.22"]
[EventType "team-tourn"]
[EventRounds "11"]
[EventCountry "AUT"]
[SourceTitle "EXT 2014"]
[Source "ChessBase"]
[SourceDate "2013.11.20"]
[SourceVersion "1"]
[SourceVersionDate "2013.11.20"]
[SourceQuality "1"]
[WhiteTeam "Graz Strassenbahn"]
[BlackTeam "Leibnitz"]
[WhiteTeamCountry "AUT"]
[BlackTeamCountry "AUT"]

1. Nf3 Nf6 2. c4 g6 3. b3 c5 4. Bb2 Bg7 5. g3 Nc6 6. Bg2 0-0 7. 0-0 d6 8. d4 Bg4 9. d5 Bxf3 10. Bxf3 Ne5 11. Bg2 Nfd7 12. Qd2 a6 13. h3 f5 14. f4 Nf7 15. Bxg7 Kxg7 16. Nc3 Nf6 17. Rfe1 Nh6 18. e4 fxe4 19. g4 Nf7 20. Bxe4 Qd7 21. Bf3 Rae8 22. g5 Qxh3 23. gxf6+ exf6 24. Bg2 Qg4 25. Ne4 Qf5 26. Re2 h5 27. Rae1 h4 28. Ng3 Qd7 29. Rxe8 Rxe8 30. Rxe8 Qxe8 31. Ne4 h3 32. Bf3 Qh8 33. Kh2 Qh4 34. Qe3 g5 35. fxg5 fxg5 36. Ng3 Kf8 1-0

[Event "Gleisdorf ch"]
[Site "Gleisdorf"]
[Date "1996.??.??"]
[Round "5"]
[White "Kraker, Reinhard"]
[Black "Polz, Wolfgang"]
[Result "0-1"]
[WhiteElo "1765"]
[BlackElo "2005"]
[PlyCount "53"]
[EventDate "1996.??.??"]
[EventType "swiss"]
[EventRounds "7"]
[EventCountry "AUT"]
[SourceTitle "EXT 1999"]
[Source "ChessBase"]
[SourceDate "1998.11.16"]
[SourceVersion "1"]
[SourceVersionDate "1998.11.16"]
[SourceQuality "1"]

1. d4 Nf6 2. c4 g6 3. Nc3 Bg7 4. e4 0-0 5. Nf3 d6 6. Bg5 c5 7. d5 Nbd7 8. Bd3 a6 9. 0-0 h6 10. Bh4 b5 11. cxb5 Qa5 12. Qc2 Rb8 13. bxa6 Bxa6 14. Bxa6 Qxa6 15. Rfe1 Qb6 16. b3 Rfc8 17. e5 dxe5 18. Nxe5 Nxe5 19. Rxe5 c4 20. Rb1 Qd4 21. Bxf6 Bxf6 22. Re3 cxb3 23. axb3 Rxc3 24. Rxc3 Qxc3 25. Qd1 Rb4 26. g3 Rd4 27. Qg4 0-1